000 00870pam a2200253 a 4500
001 3558951
005 20180312051555.0
008 980220s1998 mnua d b 001 0 eng
010 _a 98006036
020 _a1575420279 (pbk.)
040 _aDLC
_cDLC
_dDLC
041 _aeng
042 _alcac
043 _an-us---
080 _a646.700835 BEN
082 0 0 _a646.700835 BEN
_221
100 1 _a25
101 _aEDU
245 1 0 _aWhat teens need to succeed :
_cPeter L. Benson, Judy Galbraith, and Pamela Espeland.
504 _aIncludes bibliographical references (p. 342-347) and index.
906 _a7
_bcbc
_corignew
_d1
_eocip
_f19
_gy-gencatlg
942 _2ddc
_cBK
999 _c44688
_d44688